| 000 | 00653 a2200193 4500 | ||
|---|---|---|---|
| 020 | _a8177585650 | ||
| 020 | _a9788177585650 | ||
| 082 | 0 | 4 | _a658.4222 |
| 090 |
_c2033 _d2033 |
||
| 100 | 1 | _aFernando, A.C. | |
| 245 | 1 | 0 |
_aCorporate governance : _bprinciples, policies and practices / _cA.C. Fernando. |
| 250 | _a1st ed. | ||
| 260 |
_a[S.l.] : _bPrentice Hall, _c2009. |
||
| 300 |
_a600 p. ; _c28 cm. |
||
| 500 | _aPaperback. | ||
| 856 | 4 | 0 |
_3Amazon.com _uhttp://www.amazon.com/exec/obidos/ASIN/8177585657/chopaconline-20 |
| 856 | 4 | 0 |
_3Amazon customer reviews _uhttp://www.chopac.org/cgi-bin/tools/azrev.pl?q=8177585657 |
| 942 |
_aNBS _cBK _k658.4222 FER |
||
| 999 |
_c344536 _d344536 |
||